England County Quiz - Shropshire - Statistics

General Stats
  • This quiz has been taken 193 times
  • The average score is 9 of 15
Answer Stats
Hint Answer % Correct
Born in Shropshire, this naturalist is best known for his theory of evolution Charles Darwin
97%
County town Shrewsbury
88%
River which flows through the above city Severn
80%
1960s new town which has since grown to be the largest in the county Telford
79%
Village which takes its name from a cast iron river crossing which first opened in 1781 Ironbridge
78%
Old name for the county of Shropshire Salop
72%
Collection of poems by A.E. Housman which portrays the life of youth in the countryside A Shropshire {Lad}
59%
Shropshire was once a key part of this group of English counties which border Wales {Welsh} Marches
57%
Shropshire town described by Sir John Betjeman as "probably the loveliest town in England" Ludlow
54%
Prominent and well-known landmark hill in East Shropshire, that has an iron age fort and offers good views of the county The Wrekin
46%
Market town and northern terminus of a heritage railway Bridgnorth
37%
Born in Dawley in 1848 this was the first person to swim the English Channel unaided Matthew Webb
30%
Large 'Victorian Town' open-air museum in Madeley Blists Hill
28%
Computer pioneer who lived for a time at Dudmaston Hall in Shropshire Charles Babbage
28%
Coming from a Quaker family, this person played a big role in the Industrial Revolution with his method of producing pig iron in a blast furnace fuelled by coke Abraham Darby
19%
No matching quizzes found
Score Distribution
Percent of People with Each Score
Percentile by Number Answered
Your Score History
You have not taken this quiz